Movies Quiz

Random Movies or Actor Quiz
Score 0/17 Timer 06:00
0 Plays Today
Cryptic Clue + Number of Movies The Actor % Correct
FRAY (6 movies)Fred MacMurray
88.2%
JOON (3 movies)John Harron
82.4%
WIER (3 movies)William Collier Sr.
76.5%
TOAN (4 movies)Tom Dugan
76.5%
ALKE (3 movies)Alice Lake
76.5%
LATE (4 movies)Laura La Plante
76.5%
OWRE (3 movies)Owen Moore
76.5%
JAIE (4 movies)Jack Oakie
76.5%
EDPS (3 movies)Eddie Phillips
76.5%
Cryptic Clue + Number of Movies The Actor % Correct
RONG (3 movies)Robert Young
76.5%
EDAN (3 movies)Edgar Buchanan
64.7%
DUES (3 movies)Dudley Digges
58.8%
FRLD (3 movies)Fritz Feld
35.3%
CARD (3 movies)Carole Lombard
35.3%
IRON (3 movies)Irving Bacon
23.5%
CLRT (3 movies)Claudette Colbert
23.5%
ARGE (4 movies)Arline Judge
23.5%
Remove Ads.
Support Sporcle.
Get the best of Sporcle when you Go Orange. This ad-free experience offers more features, more stats, and more fun while also helping to support Sporcle. Thank you for becoming a member.

You're not logged in!

Compare scores with friends on all Sporcle quizzes.
OR
Log In

Show Comments

Extras

Top Quizzes Today


Score Distribution

Your Account Isn't Verified!

In order to create a playlist on Sporcle, you need to verify the email address you used during registration. Go to your Sporcle Settings to finish the process.

Report this User

Report this user for behavior that violates our Community Guidelines.

Details: